[Event "DEM U10/U10w 2009"]
[Site "Willingen GER"]
[Date "2009.06.05"]
[Round "9"]
[White "Hemprich, Iustus"]
[Black "Krüger, David"]
[Result "1-0"]
[Termination "normal"]
[Board "13"]
[WhiteElo "1420"]
[BlackElo "1094"]
[PlyCount "99"]
[BlackFideId "12921858"]
[EventCountry "GER"]
[EventRounds "11"]
[EventType "swiss"]
[EventDate "2009.05.30"]

1. e4 e5 2. f4 exf4 3. Nf3 Be7 4. Bc4 Bh4+ 5. Kf1 d6 6. d3 Bg4 7. Bxf4 Nd7 8.
h3 Bxf3 9. Qxf3 Bf6 10. c3 Ne7 11. d4 O-O 12. Kg1 Ng6 13. Bg3 Qe7 14. Nd2 Kh8
15. Kh2 Rae8 16. Rae1 Qd8 17. Rhf1 Nh4 18. Qf2 a6 19. Bd5 Ng6 20. Bxb7 Qb8 21.
Bc6 Rd8 22. Nf3 Nb6 23. e5 dxe5 24. Nxe5 Bxe5 25. Bxe5 Nc4 26. Bg3 Nxb2 27. Rb1
Qb6 28. Be4 Qa5 29. Qxb2 f5 30. Bd3 f4 31. Be1 Qd5 32. Qb3 Qg5 33. Bxg6 Qxg6
34. Bh4 Rde8 35. Rfe1 f3 36. gxf3 Rxf3 37. Rxe8+ Qxe8 38. Qb8 Rf8 39. Qxe8 Rxe8
40. Re1 Rb8 41. Re7 h6 42. Re2 g5 43. Bg3 Rb7 44. Kg2 c6 45. Kf3 Kg7 46. Bd6
Kg6 47. Bb4 Kh5 48. Re6 Rf7+ 49. Kg3 Rc7 50. Re8 1-0

[Event "DEM U10/U10w 2009"]
[Site "Willingen GER"]
[Date "2009.06.05"]
[Round "9"]
[White "Kaplun, David"]
[Black "Spitzl, Vinzent"]
[Result "1-0"]
[Termination "normal"]
[Board "14"]
[WhiteElo "1312"]
[BlackElo "1382"]
[PlyCount "125"]
[WhiteFideId "12901954"]
[BlackFideId "12901253"]
[EventCountry "GER"]
[EventRounds "11"]
[EventType "swiss"]
[EventDate "2009.05.30"]

1. d4 d5 2. c4 e6 3. Nc3 Nf6 4. Bg5 Be7 5. Nf3 O-O 6. e3 h6 7. Bf4 c6 8. h3 b6
9. Be2 Bb7 10. Rc1 c5 11. Qb3 Nbd7 12. Qd1 a6 13. O-O Re8 14. Re1 Rc8 15. cxd5
exd5 16. dxc5 bxc5 17. Qb3 Qb6 18. Qxb6 Nxb6 19. Bd1 Red8 20. Bc2 Rc6 21. Ne5
Rcc8 22. Nf3 Bd6 23. Bxd6 Rxd6 24. Na4 Nxa4 25. Bxa4 Bc6 26. Rxc5 Ne4 27. Rc2
Bb7 28. Rec1 Rxc2 29. Rxc2 Rb6 30. Bb3 Bc6 31. Ne5 Bb7 32. Kf1 Nf6 33. Rc7 Ne4
34. Ke1 f6 35. Nd3 Kh7 36. f3 Ng3 37. Rd7 d4 38. Rxd4 Nf5 39. Rd7 Nxe3 40. Kf2
Nf5 41. Nc5 Bc6 42. Ra7 Bb5 43. Bc2 Kg6 44. g4 Kg5 45. Bxf5 g6 46. Kg3 h5 47.
Rg7 hxg4 48. hxg4 Kh6 49. Rxg6+ Kh7 50. Rxf6+ Kg7 51. Rxb6 a5 52. Bh7 Bc6 53.
Rxc6 a4 54. Kf4 a3 55. b3 Kf7 56. Na4 Ke7 57. Ke5 Kd7 58. Rg6 Ke7 59. Rg7+ Kf8
60. Ra7 Ke8 61. Kd6 Kf8 62. Ke6 Ke8 63. Ra8# 1-0

[Event "DEM U10/U10w 2009"]
[Site "Willingen GER"]
[Date "2009.06.05"]
[Round "9"]
[White "Rempe, Moritz"]
[Black "Oelfke, Nils Lukas"]
[Result "1/2-1/2"]
[Termination "normal"]
[Board "15"]
[WhiteElo "1362"]
[BlackElo "1196"]
[PlyCount "96"]
[WhiteFideId "12906867"]
[EventCountry "GER"]
[EventRounds "11"]
[EventType "swiss"]
[EventDate "2009.05.30"]

1. e4 c5 2. Nf3 g6 3. Bc4 Bg7 4. O-O Nc6 5. c3 e5 6. d3 Nge7 7. Be3 d6 8. d4
cxd4 9. cxd4 exd4 10. Nxd4 O-O 11. Nc3 Qc7 12. Bb3 Na5 13. Ndb5 Qc6 14. Qxd6
Qxd6 15. Nxd6 Nxb3 16. axb3 Be6 17. Rxa7 Rxa7 18. Bxa7 Nc6 19. Be3 Na5 20. b4
Nc4 21. Nxc4 Bxc4 22. Rd1 b5 23. g3 Re8 24. Kg2 Bxc3 25. bxc3 Rxe4 26. Rd8+ Kg7
27. Bd4+ Kh6 28. Kf3 f5 29. Be3+ g5 30. Rd6+ Re6 31. Rxe6+ Bxe6 32. h4 Kg6 33.
Bxg5 h6 34. Bf4 Bc4 35. Ke3 h5 36. Be5 Kh6 37. f3 Kh7 38. Kf4 Kg6 39. g4 hxg4
40. fxg4 fxg4 41. Kxg4 Kh7 42. Kg5 Bd3 43. h5 Bc4 44. h6 Bd3 45. Bg7 Bc4 46.
Kf5 Bd3+ 47. Ke5 Bc4 48. Kd4 Be2 1/2-1/2

[Event "DEM U10/U10w 2009"]
[Site "Willingen GER"]
[Date "2009.06.05"]
[Round "9"]
[White "Weis, Olga"]
[Black "Bachem, Oliver"]
[Result "0-1"]
[Termination "normal"]
[Board "16"]
[WhiteElo "1222"]
[BlackElo "1349"]
[PlyCount "100"]
[WhiteFideId "1270234"]
[BlackFideId "12940186"]
[EventCountry "GER"]
[EventRounds "11"]
[EventType "swiss"]
[EventDate "2009.05.30"]

1. e4 d5 2. exd5 Nf6 3. Bb5+ Bd7 4. Be2 Nxd5 5. d4 Nf6 6. Nf3 e6 7. O-O Nc6 8.
c4 Be7 9. Nc3 O-O 10. Be3 Re8 11. h3 Bf8 12. d5 Ne7 13. Bg5 Ng6 14. Ne4 Be7 15.
Bxf6 Bxf6 16. Rb1 exd5 17. Nxf6+ Qxf6 18. cxd5 Rad8 19. Bc4 Bf5 20. Rc1 c6 21.
Re1 Rxe1+ 22. Qxe1 cxd5 23. Bb3 Be6 24. Qc3 Qxc3 25. Rxc3 h6 26. Nd4 Nf4 27.
Rc5 Rd7 28. Bc2 Rd8 29. h4 Kf8 30. g3 Nh5 31. Rc7 Rb8 32. Bb3 Nf6 33. f3 g6 34.
Rc5 Ke7 35. Rb5 Bd7 36. Ra5 a6 37. Bxd5 b6 38. Rxa6 Nxd5 39. Ra7 Kd6 40. Kf2
Be6 41. f4 Nb4 42. Ke3 Bxa2 43. b3 Re8+ 44. Kf3 Re7 45. Nb5+ Ke6 46. Nc7+ Kf6
47. Rxa2 Nxa2 48. Nd5+ Ke6 49. Nxe7 Kxe7 50. Kg4 Nc1 0-1

[Event "DEM U10/U10w 2009"]
[Site "Willingen GER"]
[Date "2009.06.05"]
[Round "9"]
[White "Baberz, Alexander"]
[Black "Lehmann, Erik"]
[Result "1-0"]
[Termination "normal"]
[Board "17"]
[WhiteElo "1268"]
[BlackElo "943"]
[PlyCount "75"]
[WhiteFideId "12921734"]
[EventCountry "GER"]
[EventRounds "11"]
[EventType "swiss"]
[EventDate "2009.05.30"]

1. d4 c6 2. c4 d5 3. Nc3 Nf6 4. e3 e6 5. Bd3 Bb4 6. Qc2 Nbd7 7. Nf3 Qc7 8. a3
dxc4 9. Bxc4 Bd6 10. e4 e5 11. h3 Nb6 12. Bd3 Be6 13. O-O Bc4 14. Bxc4 Nxc4 15.
b3 exd4 16. Nxd4 Ne5 17. Nf5 O-O 18. Kh1 Rad8 19. f4 Ng6 20. Nxd6 Rxd6 21. Nb5
Qd7 22. Nxd6 Qxd6 23. e5 Nxe5 24. fxe5 Qxe5 25. Bb2 Qg5 26. Bxf6 gxf6 27. Qf5
Qh4 28. Qg4+ Qxg4 29. hxg4 Kg7 30. Rf5 Re8 31. Raf1 Re3 32. R5f3 Re4 33. Rxf6
Rxg4 34. Rxf7+ Kh8 35. Rxb7 Rg8 36. Rff7 Rg7 37. Rxg7 h5 38. Rgd7 1-0

[Event "DEM U10/U10w 2009"]
[Site "Willingen GER"]
[Date "2009.06.05"]
[Round "9"]
[White "Riehle, Marco"]
[Black "Kania, Markus"]
[Result "1-0"]
[Termination "normal"]
[Board "18"]
[WhiteElo "1442"]
[BlackElo "1178"]
[PlyCount "59"]
[WhiteFideId "12904392"]
[BlackFideId "12903736"]
[EventCountry "GER"]
[EventRounds "11"]
[EventType "swiss"]
[EventDate "2009.05.30"]

1. e4 c5 2. Nf3 Nc6 3. d4 cxd4 4. Nxd4 g6 5. Be3 Bg7 6. Nc3 Nf6 7. f3 O-O 8.
Qd3 d5 9. O-O-O Nxd4 10. Bxd4 dxe4 11. Bxf6 Bxf6 12. Qxd8 Rxd8 13. Rxd8+ Kg7
14. Nxe4 Be5 15. Bc4 Bf4+ 16. Kb1 f5 17. Rg8+ Kh6 18. Nf2 Be3 19. Nd1 Bc5 20.
Be6 b6 21. Rxc8 Rxc8 22. Bxc8 f4 23. Nc3 g5 24. h4 e5 25. hxg5+ Kg6 26. Ne4 Be7
27. Rh6+ Kg7 28. Bf5 Kg8 29. Rxh7 Bf8 30. Nf6# 1-0

[Event "DEM U10/U10w 2009"]
[Site "Willingen GER"]
[Date "2009.06.05"]
[Round "9"]
[White "Phenn, Jan-Niklas"]
[Black "Peter, Anton"]
[Result "1/2-1/2"]
[Termination "normal"]
[Board "19"]
[WhiteElo "1172"]
[BlackElo "1359"]
[PlyCount "74"]
[WhiteFideId "12954985"]
[BlackFideId "12901660"]
[EventCountry "GER"]
[EventRounds "11"]
[EventType "swiss"]
[EventDate "2009.05.30"]

1. d4 d5 2. c4 e6 3. Nc3 Nf6 4. Bg5 Be7 5. Nf3 Nbd7 6. e3 c6 7. cxd5 exd5 8.
Bd3 h6 9. Bh4 O-O 10. O-O Qc7 11. Re1 Re8 12. e4 dxe4 13. Nxe4 b6 14. Nxf6+
Nxf6 15. Bxf6 gxf6 16. Qc2 Bg4 17. Nd2 Bd6 18. Nf1 Re7 19. Rxe7 Bxe7 20. h3 Be6
21. Ng3 Rd8 22. Ne2 Kh8 23. Qd2 Bf8 24. a3 c5 25. Rc1 Qd6 26. Rd1 cxd4 27. Bc2
d3 28. Qxd3 Qxd3 29. Rxd3 Rxd3 30. Bxd3 Bd6 31. Nd4 Bd7 32. Bc4 Kg7 33. g4 Be5
34. Nf5+ Bxf5 35. gxf5 Bxb2 36. a4 Bd4 37. Kg2 Bc5 1/2-1/2

[Event "DEM U10/U10w 2009"]
[Site "Willingen GER"]
[Date "2009.06.05"]
[Round "9"]
[White "Schamschurko, André"]
[Black "Reuker, Jari"]
[Result "1-0"]
[Termination "normal"]
[Board "20"]
[WhiteElo "1282"]
[BlackElo "1147"]
[PlyCount "109"]
[WhiteFideId "24695670"]
[BlackFideId "12909300"]
[EventCountry "GER"]
[EventRounds "11"]
[EventType "swiss"]
[EventDate "2009.05.30"]

1. e4 d5 2. exd5 Qxd5 3. Nc3 Qd6 4. d4 Nf6 5. Nf3 Bf5 6. Bc4 a6 7. Be3 e6 8.
Qe2 Nbd7 9. O-O-O Be7 10. Bd2 b5 11. Bd3 Bxd3 12. Qxd3 O-O 13. h4 b4 14. Ne4
Nxe4 15. Qxe4 a5 16. h5 a4 17. g4 b3 18. a3 Nb6 19. c3 Nc4 20. Bg5 c5 21. dxc5
Qxc5 22. Bxe7 Qxe7 23. Qxc4 Rfc8 24. Qd4 Rd8 25. Qe5 h6 26. g5 hxg5 27. Nxg5
Re8 28. Nf3 Qb7 29. h6 f6 30. Qg3 g5 31. Rdg1 Kh8 32. Nh2 e5 33. Ng4 Qe7 34.
Ne3 Qe6 35. Qg4 Qxg4 36. Nxg4 f5 37. Ne3 f4 38. Nf5 e4 39. Rxg5 Re5 40. Rhg1
Rf8 41. Nd4 Rxg5 42. Rxg5 e3 43. fxe3 fxe3 44. Nf5 Re8 45. Kd1 e2+ 46. Ke1 Re5
47. Rh5 Kh7 48. Ng3 Re3 49. Nxe2 Kg6 50. h7 Kxh5 51. h8=Q+ Kg4 52. Qd4+ Kf3 53.
Qf4+ Kg2 54. Qg3+ Kh1 55. Qg1# 1-0

[Event "DEM U10/U10w 2009"]
[Site "Willingen GER"]
[Date "2009.06.05"]
[Round "9"]
[White "Nobis, Anna"]
[Black "Hümmecke, Sarah"]
[Result "1-0"]
[Termination "normal"]
[Board "21"]
[WhiteElo "1269"]
[BlackElo "979"]
[PlyCount "57"]
[WhiteFideId "1270302"]
[EventCountry "GER"]
[EventRounds "11"]
[EventType "swiss"]
[EventDate "2009.05.30"]

1. e4 e5 2. Nf3 Nc6 3. Bc4 Nf6 4. d3 Bc5 5. O-O a6 6. Nbd2 h6 7. h3 d6 8. c3
O-O 9. Re1 Re8 10. Nf1 Be6 11. Bb3 b5 12. Ng3 a5 13. Bc2 a4 14. d4 Ba7 15. d5
Bxd5 16. exd5 Ne7 17. Bd3 Rb8 18. c4 bxc4 19. Bxc4 Rb4 20. b3 Nc8 21. Ba3 Rb8
22. bxa4 Nb6 23. Bb3 e4 24. Nd2 Nfxd5 25. Ndxe4 Ne7 26. Qg4 Kh8 27. Bb2 f6 28.
Nxf6 Rf8 29. Nfh5 1-0

[Event "DEM U10/U10w 2009"]
[Site "Willingen GER"]
[Date "2009.06.05"]
[Round "9"]
[White "Sieber, Fiona"]
[Black "Graf, Clara Victoria"]
[Result "1-0"]
[Termination "normal"]
[Board "22"]
[WhiteElo "1082"]
[BlackElo "1255"]
[PlyCount "75"]
[WhiteFideId "12902373"]
[BlackFideId "1270339"]
[EventCountry "GER"]
[EventRounds "11"]
[EventType "swiss"]
[EventDate "2009.05.30"]

1. e4 c5 2. f4 Nc6 3. Nf3 g6 4. Bb5 Bg7 5. Bxc6 bxc6 6. Nc3 d5 7. d3 e6 8. O-O
Ne7 9. Rb1 Rb8 10. Na4 Qa5 11. b3 Bc3 12. Nxc3 Qxc3 13. Bb2 Qa5 14. Bxh8 d4 15.
Bf6 Ng8 16. Bh4 Bd7 17. Ne5 Ne7 18. Nxd7 Kxd7 19. Bxe7 Kxe7 20. f5 gxf5 21.
exf5 Qd8 22. fxe6 fxe6 23. Qf3 Kd7 24. Qf7+ Kc8 25. Qxe6+ Qd7 26. Rf8+ Kc7 27.
Qxd7+ Kxd7 28. Rxb8 Kc7 29. Rg8 Kb6 30. b4 cxb4 31. Rxb4+ Kc5 32. Rc4+ Kb6 33.
Rxd4 c5 34. Rd6+ Kc7 35. Rgd8 a6 36. R8d7+ Kc8 37. Rxh7 Kb8 38. Rd8# 1-0

[Event "DEM U10/U10w 2009"]
[Site "Willingen GER"]
[Date "2009.06.05"]
[Round "9"]
[White "Richardt, Angelina"]
[Black "Teichmann, Felix"]
[Result "0-1"]
[Termination "normal"]
[Board "24"]
[WhiteElo "1094"]
[BlackElo "1211"]
[PlyCount "68"]
[WhiteFideId "12938149"]
[BlackFideId "12927538"]
[EventCountry "GER"]
[EventRounds "11"]
[EventType "swiss"]
[EventDate "2009.05.30"]

1. e4 e5 2. Nf3 Nc6 3. Bc4 Nf6 4. d3 Bc5 5. c3 a6 6. Bb3 O-O 7. O-O d6 8. h3
Be6 9. Bc2 h6 10. d4 exd4 11. cxd4 Bc4 12. dxc5 Bxf1 13. Qxf1 dxc5 14. b3 Nd4
15. Qd3 Nxc2 16. Qxc2 Re8 17. e5 Nd7 18. Bb2 Qe7 19. Qc3 b6 20. Nbd2 Rad8 21.
Re1 b5 22. a3 Nb6 23. e6 f6 24. Re2 Nd5 25. Qc2 Nf4 26. Re4 Nxe6 27. Nh4 f5 28.
Nxf5 Qg5 29. Re2 Nf4 30. Rxe8+ Rxe8 31. Ng3 Ne2+ 32. Kh2 Nxg3 33. fxg3 Re2 34.
Bc1 Qd5 0-1

[Event "DEM U10/U10w 2009"]
[Site "Willingen GER"]
[Date "2009.06.05"]
[Round "9"]
[White "Boes, Julian"]
[Black "Rost, Henning"]
[Result "1/2-1/2"]
[Termination "normal"]
[Board "26"]
[WhiteElo "1186"]
[BlackElo "880"]
[PlyCount "100"]
[WhiteFideId "12907723"]
[EventCountry "GER"]
[EventRounds "11"]
[EventType "swiss"]
[EventDate "2009.05.30"]

1. e4 d5 2. exd5 Qxd5 3. Nc3 Qa5 4. d4 c6 5. Nf3 Nf6 6. Bc4 Bf5 7. O-O e6 8.
Re1 Bd6 9. d5 cxd5 10. Bxd5 Nxd5 11. Nxd5 O-O 12. Nc3 Rd8 13. Qe2 Nc6 14. Bd2
Qc7 15. Rac1 Bg4 16. Nb5 Qb8 17. Nxd6 Qxd6 18. Be3 Ne5 19. Red1 Qc7 20. Rxd8+
Rxd8 21. Bf4 Nxf3+ 22. Qxf3 Bxf3 23. Bxc7 Rd7 24. Bb8 Rd1+ 25. Rxd1 Bxd1 26.
Bxa7 Bxc2 27. f4 Kf8 28. Kf2 Ke7 29. Ke3 Kd6 30. Kd4 f6 31. Bc5+ Kc6 32. b4 Bb1
33. a3 Kb5 34. Bf8 g6 35. Bg7 Ka4 36. Bxf6 Kxa3 37. Ke5 Kxb4 38. Kxe6 Ka3 39.
Kf7 b5 40. Kg7 b4 41. Kxh7 b3 42. Kh6 b2 43. g4 Be4 44. Bxb2+ Kxb2 45. h4 Kc3
46. h5 gxh5 47. Kxh5 Kd4 48. f5 Ke5 49. Kg6 Kf4 50. Kh5 Bxf5 1/2-1/2

[Event "DEM U10/U10w 2009"]
[Site "Willingen GER"]
[Date "2009.06.05"]
[Round "9"]
[White "Mehsin, Yazan"]
[Black "Rogozenco, Teodora Nana"]
[Result "1-0"]
[Termination "normal"]
[Board "27"]
[WhiteElo "1180"]
[BlackElo "798"]
[PlyCount "61"]
[BlackFideId "12938084"]
[EventCountry "GER"]
[EventRounds "11"]
[EventType "swiss"]
[EventDate "2009.05.30"]

1. e4 c5 2. Nf3 d6 3. d4 cxd4 4. Nxd4 Nf6 5. Nc3 g6 6. Be3 Bg7 7. Qd2 O-O 8. f3
Nc6 9. O-O-O Bd7 10. Bc4 a6 11. Nb3 Qc7 12. g4 Ne5 13. Be2 Be6 14. h4 Rfd8 15.
h5 Rd7 16. Bh6 Bh8 17. Bf4 Bg7 18. hxg6 Nxg6 19. Bh6 Rad8 20. Bxg7 Kxg7 21.
Qh6+ Kg8 22. g5 Nf8 23. gxf6 exf6 24. Rdg1+ Ng6 25. Qxh7+ Kf8 26. Qh6+ Ke7 27.
Rg4 Bxg4 28. Nd5+ Ke6 29. Nxc7+ Rxc7 30. Qd2 Bxf3 31. Bxf3 1-0

[Event "DEM U10/U10w 2009"]
[Site "Willingen GER"]
[Date "2009.06.05"]
[Round "9"]
[White "Stukenborg, Rudi"]
[Black "Schulte, Felix"]
[Result "1-0"]
[Termination "normal"]
[Board "28"]
[WhiteElo "1035"]
[BlackElo "1179"]
[PlyCount "113"]
[WhiteFideId "1270497"]
[BlackFideId "12914800"]
[EventCountry "GER"]
[EventRounds "11"]
[EventType "swiss"]
[EventDate "2009.05.30"]

1. d4 f5 2. g3 Nf6 3. Bg2 g6 4. c3 Bg7 5. Nd2 O-O 6. Qb3+ Kh8 7. Bxb7 Bxb7 8.
Qxb7 Nc6 9. Ndf3 Rb8 10. Qa6 Ne4 11. Qd3 e5 12. Nxe5 Nxe5 13. dxe5 Bxe5 14. Nf3
Bg7 15. O-O Re8 16. h4 d5 17. Ng5 Nxg5 18. Bxg5 Qd7 19. Rab1 c5 20. c4 Rxb2 21.
Rxb2 Bxb2 22. cxd5 Bg7 23. e3 h6 24. Bf4 Kh7 25. d6 Bf6 26. g4 fxg4 27. Bg3 Kg7
28. Re1 Be5 29. Rd1 Bxg3 30. fxg3 Rf8 31. Qc3+ Kg8 32. Qxc5 Qf7 33. Qd5 Qxd5
34. Rxd5 Rd8 35. e4 Kf7 36. Ra5 Rxd6 37. Rxa7+ Kf6 38. Kf2 Rd2+ 39. Ke3 Rg2 40.
Kf4 h5 41. e5+ Ke6 42. Ra6+ Kd5 43. a3 Rf2+ 44. Kg5 Kxe5 45. Kxg6 Rf3 46. Ra5+
Ke4 47. Rxh5 Rxg3 48. Rg5 Kf4 49. h5 Rh3 50. h6 g3 51. h7 Kf3 52. Kg7 g2 53.
h8=Q Rxh8 54. Kxh8 Kf2 55. a4 g1=Q 56. Rxg1 Kxg1 57. a5 1-0

[Event "DEM U10/U10w 2009"]
[Site "Willingen GER"]
[Date "2009.06.05"]
[Round "9"]
[White "Balzer, Alexander"]
[Black "Pohl, Jannik"]
[Result "1/2-1/2"]
[Termination "normal"]
[Board "29"]
[WhiteElo "1229"]
[BlackElo "883"]
[PlyCount "61"]
[WhiteFideId "34609822"]
[EventCountry "GER"]
[EventRounds "11"]
[EventType "swiss"]
[EventDate "2009.05.30"]

1. e4 e5 2. Nf3 Nc6 3. Bc4 Bc5 4. Nc3 Nf6 5. d3 h6 6. O-O O-O 7. Be3 Bxe3 8.
fxe3 d6 9. d4 exd4 10. exd4 Be6 11. d5 Na5 12. Be2 Bg4 13. Qd3 b6 14. Qa6 Qc8
15. Qxc8 Raxc8 16. Ba6 Rb8 17. b4 Nb7 18. Bxb7 Rxb7 19. a4 Rbb8 20. h3 Bh5 21.
Nd4 Bg6 22. Nc6 Ra8 23. Ne7+ Kh8 24. Nxg6+ fxg6 25. Rae1 Rfe8 26. Nb5 Rxe4 27.
Rxe4 Nxe4 28. Nxc7 Rc8 29. Nb5 Rxc2 30. Nxa7 Rc4 31. Nc6 1/2-1/2

[Event "DEM U10/U10w 2009"]
[Site "Willingen GER"]
[Date "2009.06.05"]
[Round "9"]
[White "Hermann, Tobias"]
[Black "von Reppert, Marc"]
[Result "1-0"]
[Termination "normal"]
[Board "30"]
[WhiteElo "1161"]
[BlackElo "1111"]
[PlyCount "61"]
[WhiteFideId "12903701"]
[BlackFideId "12918130"]
[EventCountry "GER"]
[EventRounds "11"]
[EventType "swiss"]
[EventDate "2009.05.30"]

1. e4 e6 2. d4 d5 3. e5 c5 4. c3 Nc6 5. Nf3 Qb6 6. Bd3 cxd4 7. cxd4 Bd7 8. O-O
Qc7 9. Nc3 Bb4 10. Bg5 Nge7 11. a3 Ba5 12. Nb5 Qb6 13. Nd6+ Kf8 14. b4 Bxb4 15.
axb4 Nxd4 16. Be3 Nxf3+ 17. Qxf3 Qxd6 18. exd6 Nc8 19. Bf4 a6 20. b5 a5 21. Bc4
Nb6 22. Be2 f6 23. Be3 Nc8 24. Rfe1 Nxd6 25. Bc5 Ke7 26. Bxd6+ Kxd6 27. Qa3+
Ke5 28. Qg3+ Ke4 29. f3+ Ke3 30. Ra3+ Kd2 31. Qf2 1-0

[Event "DEM U10/U10w 2009"]
[Site "Willingen GER"]
[Date "2009.06.05"]
[Round "9"]
[White "Simon, Tessa"]
[Black "Stobbe, Frederik"]
[Result "0-1"]
[Termination "normal"]
[Board "32"]
[WhiteElo "1032"]
[BlackElo "1185"]
[PlyCount "110"]
[WhiteFideId "12929395"]
[EventCountry "GER"]
[EventRounds "11"]
[EventType "swiss"]
[EventDate "2009.05.30"]

1. e4 c5 2. Nf3 e6 3. Nc3 a6 4. d4 cxd4 5. Nxd4 Qc7 6. Be3 Bb4 7. Bd2 Nf6 8.
Bd3 b5 9. O-O Bb7 10. Re1 Nc6 11. Nf3 d6 12. Nh4 Nd4 13. Ne2 Nxe2+ 14. Rxe2
Bxd2 15. Qxd2 h6 16. Rae1 O-O 17. e5 dxe5 18. Rxe5 Rad8 19. Qf4 Nd7 20. Qg3
Nxe5 21. Qxe5 Qxe5 22. Rxe5 Rd5 23. Re3 Rd4 24. Nf3 Bxf3 25. Rxf3 Rfd8 26. h3
e5 27. Be2 Re4 28. Bd3 Re1+ 29. Kh2 e4 30. Bxe4 Rxe4 31. b3 Rdd4 32. c3 Rd2 33.
a3 Ree2 34. c4 Rxf2 35. Rxf2 Rxf2 36. cxb5 axb5 37. Kg3 Ra2 38. a4 Rxa4 39.
bxa4 bxa4 40. Kf3 a3 41. Ke2 a2 42. Kd3 a1=Q 43. Ke4 Qf1 44. g4 Kf8 45. h4 Ke7
46. g5 hxg5 47. hxg5 Ke6 48. Kd4 Qf4+ 49. Kc5 Qa4 50. g6 fxg6 51. Kb6 Kd6 52.
Kb7 Qc6+ 53. Ka7 Qb5 54. Ka8 Kc7 55. Ka7 Qa5# 0-1

[Event "DEM U10/U10w 2009"]
[Site "Willingen GER"]
[Date "2009.06.05"]
[Round "9"]
[White "Truong, Van Trang"]
[Black "Kempe, Anne"]
[Result "0-1"]
[Termination "normal"]
[Board "33"]
[WhiteElo "1059"]
[BlackElo "1168"]
[PlyCount "120"]
[BlackFideId "12918083"]
[EventCountry "GER"]
[EventRounds "11"]
[EventType "swiss"]
[EventDate "2009.05.30"]

1. e4 c5 2. Nc3 Nc6 3. g3 g6 4. Bg2 Bg7 5. Nge2 d6 6. O-O Bd7 7. d3 Nf6 8. Be3
O-O 9. Qd2 Qc8 10. Rfe1 Re8 11. Bh6 Bh8 12. Be3 Rb8 13. f4 Ng4 14. a4 Nxe3 15.
Qxe3 Nd4 16. Qd2 Bh3 17. Bh1 Nxe2+ 18. Rxe2 Bd4+ 19. Rf2 Bxf2+ 20. Kxf2 c4 21.
d4 e5 22. Nd5 Qd8 23. Qc3 exf4 24. Nxf4 Be6 25. Nxe6 Rxe6 26. Qxc4 Rc8 27. Qd3
Qf6+ 28. Bf3 Rce8 29. Re1 d5 30. e5 Qd8 31. Qb5 Rb6 32. Qxd5 Qxd5 33. Bxd5 Rxb2
34. Re2 Rd8 35. Bf3 Rxd4 36. c3 Rxe2+ 37. Kxe2 Rxa4 38. Bxb7 Rc4 39. Kd3 Rc7
40. Ba6 Kf8 41. Kd4 Ke7 42. c4 Ke6 43. h3 Rd7+ 44. Ke4 f5+ 45. exf6 Kxf6 46.
Bb5 Re7+ 47. Kd5 Re3 48. Kc6 Rxg3 49. Kb7 Rxh3 50. c5 Rh5 51. Kc6 g5 52. Bd3 a5
53. Kb5 g4 54. Be2 Rg5 55. Bf1 h5 56. Kxa5 Rxc5+ 57. Kb4 Rc1 58. Bg2 Kg5 59.
Kb3 h4 60. Kb2 Rc8 0-1

[Event "DEM U10/U10w 2009"]
[Site "Willingen GER"]
[Date "2009.06.05"]
[Round "9"]
[White "Hutton, Jim"]
[Black "Kast, Larissa"]
[Result "0-1"]
[Termination "normal"]
[Board "34"]
[WhiteElo "1167"]
[BlackElo "1011"]
[PlyCount "120"]
[BlackFideId "24699055"]
[EventCountry "GER"]
[EventRounds "11"]
[EventType "swiss"]
[EventDate "2009.05.30"]

1. e4 e5 2. Nf3 Nc6 3. Bb5 a6 4. Ba4 Nf6 5. O-O b5 6. Bb3 Be7 7. Re1 O-O 8. c3
d6 9. d4 Bg4 10. d5 Nb8 11. h3 Bh5 12. Bg5 h6 13. Bh4 Nbd7 14. Bc2 Re8 15. b4
Nf8 16. Nbd2 Ng6 17. Bxf6 Bxf6 18. g4 Bxg4 19. hxg4 Qd7 20. Nh2 Nf4 21. Qf3 Bg5
22. Rad1 Kh7 23. Ndf1 Rh8 24. Qg3 g6 25. Nf3 Qe7 26. N1h2 Kg7 27. Nxg5 Qxg5 28.
Nf3 Qf6 29. g5 hxg5 30. Nxg5 Qxg5 31. Qxg5 Nh3+ 32. Kg2 Nxg5 33. Kg3 Rh3+ 34.
Kg4 f6 35. Rd3 Rah8 36. Rxh3 Rxh3 37. a4 Rxc3 38. Bd1 Rc4 39. axb5 axb5 40. Be2
Rxe4+ 41. Kg3 Rxb4 42. Kg2 Re4 43. Kf1 b4 44. Rb1 Kf7 45. Rc1 b3 46. Rxc7+ Ke8
47. Rb7 Rd4 48. Bb5+ Kf8 49. Bc6 Rd3 50. Ke2 Rc3 51. Kd2 Ne4+ 52. Ke2 Nc5 53.
Rb8+ Kg7 54. Ba4 Nxa4 55. Rb7+ Kh6 56. Kd2 Rc2+ 57. Kd3 Nc5+ 58. Ke3 Nxb7 59.
f4 exf4+ 60. Kxf4 b2 0-1

[Event "DEM U10/U10w 2009"]
[Site "Willingen GER"]
[Date "2009.06.05"]
[Round "9"]
[White "Reyher, Susan"]
[Black "Fieberg, Samuel"]
[Result "0-1"]
[Termination "normal"]
[Board "35"]
[WhiteElo "1004"]
[BlackElo "1125"]
[PlyCount "68"]
[WhiteFideId "24686107"]
[BlackFideId "12901717"]
[EventCountry "GER"]
[EventRounds "11"]
[EventType "swiss"]
[EventDate "2009.05.30"]

1. e4 e5 2. d4 exd4 3. c3 d5 4. e5 Be6 5. cxd4 c5 6. Nf3 Nc6 7. Be3 Qb6 8. b3
cxd4 9. Nxd4 Bc5 10. Nc2 Bxe3 11. Nxe3 Nge7 12. Bd3 O-O 13. O-O Qd4 14. Na3
Qxe5 15. Re1 Qc7 16. Nb5 Qd7 17. Qh5 h6 18. Nf1 a6 19. Na3 Rac8 20. Re3 Bg4 21.
Qh4 Bf5 22. Rg3 Ng6 23. Bxf5 Qxf5 24. Qh3 Qxh3 25. Rxh3 Rfe8 26. Ne3 Rcd8 27.
Rd1 d4 28. Nf5 d3 29. g3 d2 30. Nb1 Re1+ 31. Rxe1 dxe1=Q+ 32. Kg2 Qe4+ 33. f3
Qe2+ 34. Kg1 Rd1# 0-1

[Event "DEM U10/U10w 2009"]
[Site "Willingen GER"]
[Date "2009.06.05"]
[Round "9"]
[White "Sadewasser, Lucie"]
[Black "Nguyen, Anh Van"]
[Result "0-1"]
[Termination "normal"]
[Board "36"]
[WhiteElo "989"]
[BlackElo "1095"]
[PlyCount "50"]
[WhiteFideId "12905445"]
[BlackFideId "12908223"]
[EventCountry "GER"]
[EventRounds "11"]
[EventType "swiss"]
[EventDate "2009.05.30"]

1. e4 e5 2. Nf3 Nf6 3. Nxe5 d6 4. Nf3 Nxe4 5. Qe2 Qe7 6. d3 Nf6 7. Bg5 Nc6 8.
Nc3 Bg4 9. Ne4 O-O-O 10. Nxf6 gxf6 11. Qxe7 Bxe7 12. Bd2 Rde8 13. O-O-O d5 14.
Be2 Bd6 15. h3 Rxe2 16. hxg4 Rxf2 17. Nh4 Re8 18. Rhe1 Re6 19. Be3 Rxe3 20.
Rxe3 Bf4 21. Nf5 d4 22. Rde1 dxe3 23. Nxe3 Bxe3+ 24. Rxe3 Kd7 25. Rg3 h6 0-1

[Event "DEM U10/U10w 2009"]
[Site "Willingen GER"]
[Date "2009.06.05"]
[Round "9"]
[White "Wächter, Nathalie"]
[Black "Schirmer, Christoph"]
[Result "1/2-1/2"]
[Termination "normal"]
[Board "37"]
[WhiteElo "804"]
[BlackElo "1092"]
[PlyCount "128"]
[WhiteFideId "12921033"]
[EventCountry "GER"]
[EventRounds "11"]
[EventType "swiss"]
[EventDate "2009.05.30"]

1. e4 e5 2. Nf3 d6 3. Nc3 Nc6 4. Bc4 Be6 5. Bb5 a6 6. Bxc6+ bxc6 7. d3 h6 8.
Be3 Nf6 9. Qd2 Be7 10. Rd1 O-O 11. O-O d5 12. exd5 cxd5 13. d4 e4 14. Ne5 Bd6
15. f3 Bxe5 16. dxe5 Nh7 17. fxe4 dxe4 18. Nxe4 Qxd2 19. Rxd2 Rad8 20. Rfd1
Rxd2 21. Rxd2 Re8 22. a3 Bf5 23. Nc5 Rxe5 24. Rd8+ Nf8 25. Kf2 Bxc2 26. Nb7
Rf5+ 27. Kg1 g5 28. Bc5 Re5 29. Rxf8+ Kh7 30. Rxf7+ Kg6 31. Rxc7 Rf5 32. Bd4
Bd3 33. h3 Rf1+ 34. Kh2 Rf4 35. Rg7+ Kh5 36. g4+ Kh4 37. Bb6 Rf3 38. Kg2 Rxh3
39. Bf2+ Kxg4 40. b4 Be4+ 41. Kf1 Bd3+ 42. Ke1 Bb5 43. Re7 Kf3 44. Re3+ Kg2 45.
Rxh3 Kxh3 46. Nc5 h5 47. a4 Bc6 48. b5 axb5 49. a5 b4 50. a6 h4 51. a7 Kg2 52.
Nd7 h3 53. Ne5 Ba8 54. Ng4 h2 55. Nxh2 Kxh2 56. Ke2 b3 57. Bd4 g4 58. Be5+ g3
59. Kd2 Kh3 60. Kc3 g2 61. Bd4 Kh2 62. Kxb3 g1=Q 63. Bxg1+ Kxg1 64. Kb4 Kg2
1/2-1/2